000
002410000a22000970004500
100
1
_a
MacDonald, Fergus
245
1
0
_a
Christian global growth growing
300
_a
Núm 79 (1997), Páginas 18-19
773
0
_t
World Evangelization
942
_c
ANA
999
_c
57515
_d
57515